[Event "EYCC 2024 - G18"]
[Site "?"]
[Date "2024.08.24"]
[Round "3.11"]
[White "Helgadottir, Idunn"]
[Black "Pawicka, Magdalena"]
[Result "0-1"]
[BlackElo "1977"]
[WhiteElo "1837"]
[LiveChessVersion "1.4.8"]

1. d4 {[%clk 1:30:59]} Nf6 {[%clk 1:30:45]} 2. Nf3 {[%clk 1:31:22]} d5
{[%clk 1:30:49]} 3. e3 {[%clk 1:31:43]} e6 {[%clk 1:31:08]} 4. Bd3
{[%clk 1:32:06]} c5 {[%clk 1:30:49]} 5. b3 {[%clk 1:32:10]} Nc6 {[%clk 1:30:40]}
6. Bb2 {[%clk 1:31:56]} Be7 {[%clk 1:29:59]} 7. a3 {[%clk 1:31:48]} O-O
{[%clk 1:29:38]} 8. Nbd2 {[%clk 1:31:46]} b6 {[%clk 1:28:37]} 9. O-O
{[%clk 1:30:42]} Bb7 {[%clk 1:28:59]} 10. Ne5 {[%clk 1:30:40]} Nxe5
{[%clk 1:26:36]} 11. dxe5 {[%clk 1:31:00]} Ne4 {[%clk 1:26:32]} 12. f3
{[%clk 1:29:15]} Nxd2 {[%clk 1:25:30]} 13. Qxd2 {[%clk 1:29:28]} Qc7
{[%clk 1:20:31]} 14. f4 {[%clk 1:27:34]} Rac8 {[%clk 1:11:18]} 15. c4
{[%clk 1:23:03]} Rfd8 {[%clk 1:05:11]} 16. Qe2 {[%clk 1:21:16]} g6
{[%clk 1:02:11]} 17. Qg4 {[%clk 1:19:06]} dxc4 {[%clk 0:45:16]} 18. Bxc4
{[%clk 1:17:49]} Rd2 {[%clk 0:45:07]} 19. Rf2 {[%clk 1:17:32]} Rcd8
{[%clk 0:41:45]} 20. Raf1 {[%clk 1:14:12]} Qc6 {[%clk 0:30:51]} 21. Bc3
{[%clk 1:04:55]} Rxf2 {[%clk 0:30:39]} 22. Rxf2 {[%clk 1:05:17]} b5
{[%clk 0:29:03]} 23. Be2 {[%clk 1:04:44]} Qe4 {[%clk 0:17:54]} 24. Ba5
{[%clk 0:58:55]} Rb8 {[%clk 0:18:01]} 25. Bxb5 {[%clk 0:51:30]} Qb1+
{[%clk 0:18:16]} 26. Rf1 {[%clk 0:51:39]} Qxb3 {[%clk 0:18:24]} 27. a4
{[%clk 0:51:06]} a6 {[%clk 0:15:12]} 28. Bd7 {[%clk 0:50:50]} Qxe3+
{[%clk 0:14:40]} 29. Kh1 {[%clk 0:51:00]} Bd5 {[%clk 0:14:13]} 30. h4
{[%clk 0:45:15]} h5 {[%clk 0:13:53]} 31. Qd1 {[%clk 0:44:53]} Qh3+
{[%clk 0:14:15]} 32. Kg1 {[%clk 0:45:15]} Qxg2# {[%clk 0:14:42]} 0-1

[Event "EYCC 2024 - G18"]
[Site "?"]
[Date "2024.08.24"]
[Round "3.12"]
[White "Nagyova, Daniela"]
[Black "Berezovsky, Fiorina"]
[Result "0-1"]
[BlackElo "1976"]
[WhiteElo "1835"]
[LiveChessVersion "1.4.8"]

1. e4 {[%clk 1:30:56]} c5 {[%clk 1:30:50]} 2. Nf3 {[%clk 1:31:13]} a6
{[%clk 1:31:15]} 3. Nc3 {[%clk 1:30:11]} b5 {[%clk 1:30:55]} 4. d4
{[%clk 1:26:32]} cxd4 {[%clk 1:31:01]} 5. Nxd4 {[%clk 1:26:40]} Bb7
{[%clk 1:30:57]} 6. Bd3 {[%clk 1:24:12]} g6 {[%clk 1:29:42]} 7. Be3
{[%clk 1:19:10]} Bg7 {[%clk 1:28:52]} 8. Qd2 {[%clk 1:14:37]} Nc6
{[%clk 1:25:39]} 9. Nce2 {[%clk 1:08:02]} d6 {[%clk 1:17:59]} 10. a4
{[%clk 1:01:14]} b4 {[%clk 1:10:55]} 11. Nxc6 {[%clk 0:56:10]} Bxc6
{[%clk 1:11:18]} 12. Qxb4 {[%clk 0:56:06]} Rb8 {[%clk 1:08:57]} 13. Qc4
{[%clk 0:55:08]} Qd7 {[%clk 1:05:07]} 14. Bd4 {[%clk 0:50:17]} Nf6
{[%clk 1:01:15]} 15. O-O {[%clk 0:43:40]} O-O {[%clk 0:58:48]} 16. f3
{[%clk 0:30:31]} d5 {[%clk 0:53:27]} 17. exd5 {[%clk 0:28:23]} Bxd5
{[%clk 0:49:16]} 18. Qxa6 {[%clk 0:23:34]} Rfc8 {[%clk 0:41:26]} 19. Qa5
{[%clk 0:20:52]} h5 {[%clk 0:35:50]} 20. Qd2 {[%clk 0:16:01]} h4 {[%clk 0:35:09]}
21. Bc3 {[%clk 0:12:52]} h3 {[%clk 0:34:19]} 22. g3 {[%clk 0:12:34]} Qb7
{[%clk 0:31:44]} 23. Nf4 {[%clk 0:10:33]} Bh6 {[%clk 0:29:38]} 24. Be2
{[%clk 0:06:05]} Rd8 {[%clk 0:25:07]} 25. Qe3 {[%clk 0:05:05]} Be6
{[%clk 0:24:30]} 26. Qe5 {[%clk 0:03:25]} Bxf4 {[%clk 0:22:32]} 27. Qxf4
{[%clk 0:02:43]} Nd5 {[%clk 0:22:52]} 28. Qe5 {[%clk 0:01:46]} Nxc3
{[%clk 0:22:35]} 29. bxc3 {[%clk 0:02:06]} Qb6+ {[%clk 0:22:05]} 30. Kh1
{[%clk 0:02:09]} Rd5 {[%clk 0:21:20]} 31. Qf4 {[%clk 0:02:11]} Rbd8
{[%clk 0:19:57]} 32. Bd3 {[%clk 0:02:04]} Qc5 {[%clk 0:18:01]} 33. Qb4
{[%clk 0:01:32]} Qc7 {[%clk 0:17:25]} 34. Rab1 {[%clk 0:00:59]} Qd7
{[%clk 0:15:53]} 35. Rbe1 {[%clk 0:00:49]} Rxd3 {[%clk 0:12:30]} 36. cxd3
{[%clk 0:01:01]} Qxd3 {[%clk 0:12:59]} 37. Qe4 {[%clk 0:00:47]} Qd2
{[%clk 0:13:01]} 38. Re2 {[%clk 0:00:47]} Qxc3 {[%clk 0:13:27]} 39. Ref2
{[%clk 0:00:37]} Bd5 {[%clk 0:13:29]} 40. Qe1 {[%clk 0:00:44]} Qa3
{[%clk 0:12:46]} 41. Qa1 {[%clk 0:00:38]} Qb4 {[%clk 0:12:54]} 42. a5
{[%clk 0:00:40]} Ra8 {[%clk 0:12:49]} 43. a6 {[%clk 0:00:45]} Qb6
{[%clk 0:12:24]} 44. Rb2 {[%clk 0:00:37]} Qc6 {[%clk 0:12:14]} 45. Qa3
{[%clk 0:00:36]} Rxa6 {[%clk 0:12:15]} 46. Rb8+ {[%clk 0:00:33]} Kh7
{[%clk 0:12:24]} 47. Qb2 {[%clk 0:00:43]} Bxf3+ {[%clk 0:12:43]} 48. Kg1
{[%clk 0:01:09]} f6 {[%clk 0:12:26]} 49. Qd4 {[%clk 0:01:00]} Ra4
{[%clk 0:12:13]} 50. Qe3 {[%clk 0:00:50]} Be4 {[%clk 0:11:09]} 51. Rd1
{[%clk 0:00:42]} Qc2 {[%clk 0:10:34]} 52. Rd2 {[%clk 0:00:38]} Ra1+
{[%clk 0:10:24]} 53. Kf2 {[%clk 0:01:03]} Qc1 {[%clk 0:10:26]} 54. Qxe4
{[%clk 0:00:33]} Qxd2+ {[%clk 0:10:25]} 55. Qe2 {[%clk 0:00:54]} Qd4+
{[%clk 0:10:42]} 56. Qe3 {[%clk 0:00:53]} Rf1+ {[%clk 0:10:31]} 57. Ke2
{[%clk 0:01:14]} Re1+ {[%clk 0:10:53]} 0-1